000 00527cam a2200205ua 4500
001 11232
005 20260515114727.0
008 190904n ii |||gr||||Z||||||asm
020 _a8173393389
040 _cMAIN
082 _a491.451
100 _aBhumkanta Boruah,
_eAuthor.
245 _aBhasar Itibrtta
_cBhimkanta Boruah
250 _a3rd ed.
260 _aDibrugarh:
_bBanlata,
_c2011.
300 _a165p.
653 _aEast Indo-European & Celtic languages
653 _aAssamese Language Linguistics
942 _cBK
999 _c10083
_d10083